Manual práctico de cromatografía en fase gaseosa / (Record no. 146197)

MARC details
000 -LEADER
campo de control de longitud fija 00892nam a2200241 i 4500
001 - NÚMERO DE CONTROL
campo de control 146197
003 - IDENTIFICADOR DE NÚMERO DE CONTROL
campo de control ES-MaACL
005 - FECHA Y HORA DE LA ÚLTIMA TRANSACCIÓN
campo de control 20230906201440.0
007 - CAMPO FIJO DE DESCRIPCIÓN FÍSICA--INFORMACIÓN GENERAL
campo de control de longitud fija t|
008 - DATOS DE LONGITUD FIJA--INFORMACIÓN GENERAL
campo de control de longitud fija 070904s1972 sp ||||1| spa d
080 ## - NÚMERO DE LA CLASIFICACIÓN DECIMAL UNIVERSAL
Número de la Clasificación Decimal Universal 543.54
100 1# - ENTRADA PRINCIPAL--NOMBRE DE PERSONA
Nombre de persona Tranchant, Jean.
9 (RLIN) 111223
245 10 - MENCIÓN DEL TÍTULO
Título Manual práctico de cromatografía en fase gaseosa /
Mención de responsabilidad, etc. publicado bajo la dirección de Jean Tranchant ; prefacio P. Chovin ; versión Mª del Carmen de la Torre Boronat y Abel Mariné Font ; supervisión Francisco Moreno Martín.
250 ## - MENCION DE EDICION
Mención de edición 1ª ed.
260 ## - PUBLICACIÓN, DISTRIBUCIÓN, ETC.
Lugar de publicación, distribución, etc. Barcelona :
Nombre del editor, distribuidor, etc. Toray Masson,
Fecha de publicación, distribución, etc. 1972.
300 ## - DESCRIPCIÓN FÍSICA
Extensión XII, 348 p. :
Otras características físicas il. ;
Dimensiones 25 cm.
650 #4 - PUNTO DE ACCESO ADICIONAL DE MATERIA--TÉRMINO DE MATERIA
Término de materia o nombre geográfico como elemento de entrada Cromatografía.
9 (RLIN) 154435
700 1# - ENTRADA AGREGADA--NOMBRE PERSONAL
Nombre de persona Chovin, P.
9 (RLIN) 38634
700 1# - ENTRADA AGREGADA--NOMBRE PERSONAL
Nombre de persona Torre Boronat, María del Carmen de la.
9 (RLIN) 110769
700 1# - ENTRADA AGREGADA--NOMBRE PERSONAL
Nombre de persona Mariné Font, Abel.
9 (RLIN) 76837
700 1# - ENTRADA AGREGADA--NOMBRE PERSONAL
Nombre de persona Moreno Martín, Francisco.
9 (RLIN) 83400
852 4# - LOCALIZACIÓN
Ubicación ES-MaACL
Número de control de estantería C-42692
Holdings
Estatus retirado Estado de pérdida Estado de daño No para préstamo Biblioteca de origen Biblioteca actual Ubicación en estantería Fecha de adquisición Fuente de adquisición Total de préstamos Signatura topográfica completa Código de barras Visto por última vez Precio de reemplazo Tipo de ítem Koha
        Biblioteca del Ateneo de Madrid Biblioteca del Ateneo de Madrid Depósito 2 17/01/2008     C-42692 1152593 23/02/2023 23/02/2023 Libro impreso